| 000 | 00774cam a2200265 a 4500 | ||
|---|---|---|---|
| 001 | 3576223 | ||
| 003 | OSt | ||
| 005 | 20161128182453.0 | ||
| 008 | 990512s2000 caua b 001 0 eng | ||
| 010 | _a 99030186 | ||
| 020 | _a0534368190 | ||
| 040 |
_aDLC _cDLC _dDLC |
||
| 050 | 0 | 0 |
_aBF723.P4 _bS48 2000 |
| 082 | 0 | 0 |
_a302 SHA 1999 _221 |
| 100 | 1 |
_aShaffer, David R. _d1946- _95172 |
|
| 245 | 1 | 0 | _aSocial and Personality Development |
| 250 | _a4th ed. | ||
| 260 |
_aAustralia; _bWadsworth Pub., _cc2000. |
||
| 300 |
_axxv, 565 p. : _bill. ; _c27 cm. |
||
| 504 | _aIncludes bibliographical references and indexes. | ||
| 650 | 0 |
_aPersonality development _95173 |
|
| 650 | 0 |
_aSocialization _95174 |
|
| 906 |
_a7 _bcbc _corignew _d1 _eocip _f19 _gy-gencatlg |
||
| 942 |
_2z _cSLOAN |
||
| 999 |
_c1968 _d1968 |
||